000
00348nam a2200169Ia 4500
100
_a
Tanenbaum/A.S/ Steen/M.V
650
_a
Distributed systems
250
_a
2
942
_c
BK
366
_f
20
245
_a
Distributed systems
260
_b
prentice hall
_c
2007
082
_a
4.6
_b
TAN
300
_a
686
546
_a
ENGLISH
999
_c
32320
_d
32320